<?xml version="1.0" encoding="UTF-8"?>
<record
    xmlns:xsi="http://www.w3.org/2001/XMLSchema-instance"
    xsi:schemaLocation="http://www.loc.gov/MARC21/slim http://www.loc.gov/standards/marcxml/schema/MARC21slim.xsd"
    xmlns="http://www.loc.gov/MARC21/slim">

  <leader>00355pam a2200145 a 4500</leader>
  <datafield tag="020" ind1=" " ind2=" ">
    <subfield code="a">978-81-8204-030-4</subfield>
    <subfield code="c"></subfield>
  </datafield>
  <datafield tag="041" ind1=" " ind2=" ">
    <subfield code="h"></subfield>
  </datafield>
  <datafield tag="082" ind1=" " ind2=" ">
    <subfield code="a">613.12</subfield>
    <subfield code="b">TAL</subfield>
  </datafield>
  <datafield tag="100" ind1=" " ind2=" ">
    <subfield code="a">A.Talukdar.</subfield>
  </datafield>
  <datafield tag="245" ind1=" " ind2=" ">
    <subfield code="a">Parlez a l hotel</subfield>
    <subfield code="h">Textual Documents</subfield>
  </datafield>
  <datafield tag="250" ind1=" " ind2=" ">
    <subfield code="a">1 st ed / </subfield>
    <subfield code="b">2020.</subfield>
  </datafield>
  <datafield tag="260" ind1=" " ind2=" ">
    <subfield code="a">new delhi</subfield>
    <subfield code="b">AMAN PUBLICATIONS PRIVATE LIMITED</subfield>
  </datafield>
  <datafield tag="300" ind1=" " ind2=" ">
    <subfield code="a">138.</subfield>
  </datafield>
  <datafield tag="930" ind1=" " ind2=" ">
    <subfield code="a">6343</subfield>
  </datafield>
  <datafield tag="999" ind1=" " ind2=" ">
    <subfield code="c">233740</subfield>
    <subfield code="d">233740</subfield>
  </datafield>
  <datafield tag="952" ind1=" " ind2=" ">
    <subfield code="0">0</subfield>
    <subfield code="1">0</subfield>
    <subfield code="2">ddc</subfield>
    <subfield code="4">0</subfield>
    <subfield code="7">0</subfield>
    <subfield code="a">HMP</subfield>
    <subfield code="b">HMP</subfield>
    <subfield code="d">2022-02-24</subfield>
    <subfield code="e">Bharati Madyavarti Sahakari Grahak Bhandar</subfield>
    <subfield code="g">220.00</subfield>
    <subfield code="l">0</subfield>
    <subfield code="o">613.12 TAL</subfield>
    <subfield code="p">HMP-D-9454</subfield>
    <subfield code="r">2023-03-07 00:00:00</subfield>
    <subfield code="t">5</subfield>
    <subfield code="w">2023-03-07</subfield>
    <subfield code="y">BK</subfield>
  </datafield>
  <datafield tag="952" ind1=" " ind2=" ">
    <subfield code="0">0</subfield>
    <subfield code="1">0</subfield>
    <subfield code="2">ddc</subfield>
    <subfield code="4">0</subfield>
    <subfield code="7">0</subfield>
    <subfield code="a">HMP</subfield>
    <subfield code="b">HMP</subfield>
    <subfield code="d">2022-02-24</subfield>
    <subfield code="e">Bharati Madyavarti Sahakari Grahak Bhandar</subfield>
    <subfield code="g">220.00</subfield>
    <subfield code="l">0</subfield>
    <subfield code="o">613.12 TAL</subfield>
    <subfield code="p">HMP-D-9453</subfield>
    <subfield code="r">2023-03-07 00:00:00</subfield>
    <subfield code="t">4</subfield>
    <subfield code="w">2023-03-07</subfield>
    <subfield code="y">BK</subfield>
  </datafield>
  <datafield tag="952" ind1=" " ind2=" ">
    <subfield code="0">0</subfield>
    <subfield code="1">0</subfield>
    <subfield code="2">ddc</subfield>
    <subfield code="4">0</subfield>
    <subfield code="7">0</subfield>
    <subfield code="a">HMP</subfield>
    <subfield code="b">HMP</subfield>
    <subfield code="d">2022-02-24</subfield>
    <subfield code="e">Bharati Madyavarti Sahakari Grahak Bhandar</subfield>
    <subfield code="g">220.00</subfield>
    <subfield code="l">0</subfield>
    <subfield code="o">613.12 TAL</subfield>
    <subfield code="p">HMP-D-9452</subfield>
    <subfield code="r">2023-03-07 00:00:00</subfield>
    <subfield code="t">3</subfield>
    <subfield code="w">2023-03-07</subfield>
    <subfield code="y">BK</subfield>
  </datafield>
  <datafield tag="952" ind1=" " ind2=" ">
    <subfield code="0">0</subfield>
    <subfield code="1">0</subfield>
    <subfield code="2">ddc</subfield>
    <subfield code="4">0</subfield>
    <subfield code="7">0</subfield>
    <subfield code="a">HMP</subfield>
    <subfield code="b">HMP</subfield>
    <subfield code="d">2022-02-24</subfield>
    <subfield code="e">Bharati Madyavarti Sahakari Grahak Bhandar</subfield>
    <subfield code="g">220.00</subfield>
    <subfield code="l">0</subfield>
    <subfield code="o">613.12 TAL</subfield>
    <subfield code="p">HMP-D-9451</subfield>
    <subfield code="r">2023-03-07 00:00:00</subfield>
    <subfield code="t">2</subfield>
    <subfield code="w">2023-03-07</subfield>
    <subfield code="y">BK</subfield>
  </datafield>
  <datafield tag="952" ind1=" " ind2=" ">
    <subfield code="0">0</subfield>
    <subfield code="1">0</subfield>
    <subfield code="2">ddc</subfield>
    <subfield code="4">0</subfield>
    <subfield code="7">0</subfield>
    <subfield code="a">HMP</subfield>
    <subfield code="b">HMP</subfield>
    <subfield code="d">2022-02-24</subfield>
    <subfield code="e">Bharati Madyavarti Sahakari Grahak Bhandar</subfield>
    <subfield code="g">220.00</subfield>
    <subfield code="l">0</subfield>
    <subfield code="o">613.12 TAL</subfield>
    <subfield code="p">HMP-D-9450</subfield>
    <subfield code="r">2023-03-07 00:00:00</subfield>
    <subfield code="t">1</subfield>
    <subfield code="w">2023-03-07</subfield>
    <subfield code="y">BK</subfield>
  </datafield>
</record>
